Museo dei Ermitage (Record no. 3540)

MARC details
000 -CABECERA
campo de control de longitud fija 00748nam a2200229 a 4500
001 - NÚMERO DE CONTROL
campo de control BRCA_3811
005 - FECHA Y HORA DE LA ÚLTIMA TRANSACCIÓN
campo de control 20190320204432.0
008 - DATOS DE LONGITUD FIJA--INFORMACIÓN GENERAL
campo de control de longitud fija 271109s2003----it-a######---#000-0#spa-#
020 ## - NÚMERO INTERNACIONAL ESTÁNDAR DEL LIBRO
Número Internacional Estándar del Libro 5950100328
041 ## - CÓDIGO DE LENGUA
Código de lengua del texto/banda sonora o título independiente spa
044 ## - CÓDIGO DEL PAÍS DE LA ENTIDAD EDITORA/PRODUCTORA
Código MARC del país ita
050 #4 - SIGNATURA TOPOGRÁFICA DE LA BIBLIOTECA DEL CONGRESO
Número de clasificación N2030.R3
Número de documento/Ítem .M87 2003
245 10 - MENCIÓN DE TÍTULO
Título Museo dei Ermitage
Resto del título Guía
Mención de responsabilidad, etc. traducción del ruso Stepán Glowko ; redacción del texto en español Svetlana Hval.
260 ## - PUBLICACIÓN, DISTRIBUCIÓN, ETC.
Lugar de publicación, distribución, etc. Italia
Nombre del editor, distribuidor, etc. Slavia
Fecha de publicación, distribución, etc. 2003
300 ## - DESCRIPCIÓN FÍSICA
Extensión 319 p.
Otras características físicas il. a color
Dimensiones 24 cm.
500 ## - NOTA GENERAL
Nota general Incluye índice general
610 24 - PUNTO DE ACCESO ADICIONAL DE MATERIA--NOMBRE DE ENTIDAD CORPORATIVA
Nombre de entidad corporativa o nombre de jurisdicción como elemento de entrada Museo dei Ermitage (San Petersburgo)
Subdivisión de forma Guías
Subdivisión general Colecciones de arte
9 (RLIN) 9931
650 14 - PUNTO DE ACCESO ADICIONAL DE MATERIA--TÉRMINO DE MATERIA
Término de materia o nombre geográfico como elemento de entrada Museos de arte
Subdivisión de forma Guías
Subdivisión geográfica Rusia
9 (RLIN) 9932
700 1# - PUNTO DE ACCESO ADICIONAL--NOMBRE DE PERSONA
Nombre de persona Glowko, Stepán
9 (RLIN) 9933
700 1# - PUNTO DE ACCESO ADICIONAL--NOMBRE DE PERSONA
Nombre de persona Hval, Svetlana
9 (RLIN) 9934
942 ## - ELEMENTOS DE PUNTO DE ACCESO ADICIONAL (KOHA)
Fuente del sistema de clasificación o colocación Library of Congress Classification
Tipo de ítem Koha Libros
Holdings
Estado de retiro Estado de pérdida Estado dañado No para préstamo Localización permanente Ubicación/localización actual Fecha de adquisición Total de préstamos Signatura topográfica completa Código de barras Fecha visto por última vez Precio válido a partir de Tipo de ítem Koha
El ejemplar forma parte de la colección y puede ser consultado según las políticas vigentes.       Biblioteca del Museo Franz Mayer (Rogerio Casas-Alatriste) Biblioteca del Museo Franz Mayer (Rogerio Casas-Alatriste) 27/11/2009   N2030.R3 .M87 2003 01051 22/03/2019 22/03/2019 Libros